000 00431nam a22001697a 4500
003 MPLRDC
005 20220104143517.0
008 210129b ||||| |||| 00| 0 eng d
082 _a947.47 TZBEX-9 v.15 c.2
100 _a藤子不二雄原著
245 _a欢乐小叮当. 十五
_c
260 _a
_b儿童图书公司
_c
300 _b
490 _a欢乐小叮当;13
650 _a
942 _cBK
_o947.47 TZBEX-9 v.15 c.2
999 _c40612
_d40602